Indian Grammatical Tradition/ (Record no. 210390)

MARC details
000 -LEADER
fixed length control field 00597nam a22001937a 4500
005 - DATE AND TIME OF LATEST TRANSACTION
control field 20250320133001.0
010 ## - LCCN (DPL NO)
LC control number ENG-144124
020 ## - INTERNATIONAL STANDARD BOOK NUMBER
International Standard Book Number 9788196508203
Terms of availability 500.00
035 ## - SYSTEM CONTROL NUMBER
System control number EN-127656
037 ## - SOURCE OF ACQUISITION
Source of stock number/acquisition DBAD
082 ## - DEWEY DECIMAL CLASSIFICATION NUMBER
Classification number 415
Edition number 1
245 ## - TITLE STATEMENT
Title Indian Grammatical Tradition/
Statement of responsibility, etc edited by... Shyam Sundar Bhattacharya
260 ## - PUBLICATION, DISTRIBUTION, ETC. (IMPRINT)
Place of publication, distribution, etc Kolkata
Name of publisher, distributor, etc Satyabrata Chakrabarti
Date of publication, distribution, etc 2023
270 ## - ADDRESS
Address The Asiatic Society, 1 Park Street
City Kolkata
Postal code 700016
300 ## - PHYSICAL DESCRIPTION
Extent xv,222p.
Dimensions 21.5 cm(Pb)
700 ## - ADDED ENTRY--PERSONAL NAME
9 (RLIN) 76691
Personal name Shyam Sundar Bhattacharya
Relator term Editor
760 ## - MAIN SERIES ENTRY
Edition 1
942 ## - ADDED ENTRY ELEMENTS (KOHA)
Source of classification or shelving scheme Dewey Decimal Classification
Item type English Books
Classification part 415
Call number suffix BHA
Holdings
Withdrawn status Lost status Not for loan Home library Current library Date acquired Source of acquisition Cost, normal purchase price Full call number Barcode Cost, replacement price Koha item type
      Patel Nagar Patel Nagar 20/03/2025 DBAD 500.00 415 BHA EN-127656 500.00 English Books

© Delhi Public Library
Hit Counter
free hit counter